[Event "Lorca op 12th"]
[Site "Lorca"]
[Date "2023.12.30"]
[Round "9"]
[White "Grigoryan, Karen H"]
[Black "Cabrera Pino, Alexis"]
[Result "1-0"]
[WhiteElo "2638"]
[BlackElo "2441"]
[PlyCount "58"]
[EventDate "2023.12.26"]
[EventType "swiss"]
[EventRounds "9"]
[EventCountry "ESP"]
[SourceTitle "CB01_2024"]
[SourceDate "2024.01.03"]
[SourceVersion "1"]
[SourceVersionDate "2024.01.03"]
[SourceQuality "1"]

1. d4 Nf6 2. c4 g6 3. Nc3 Bg7 4. e4 d6 5. Be2 0-0 6. h4 c5 7. d5 e6 8. h5 exd5 9. exd5 Re8 10. hxg6 hxg6 11. Bh6 Bxh6 12. Rxh6 Ng4 13. Rh1 Qf6 14. Nh3 Bf5 15. Qd2 Na6 16. a3 Qd4 17. 0-0-0 Nxf2 18. Nxf2 Qxf2 19. g4 Bd7 20. Rh3 Qd4 21. Rdh1 Qxd2+ 22. Kxd2 Rab8 23. Rh8+ Kg7 24. R8h7+ Kg8 25. g5 Kf8 26. Bd3 Bf5 27. Bxf5 gxf5 28. Nb5 Red8 29. R7h6 Ke7 1-0

[Event "Figueira da Foz op 17th"]
[Site "Figueira da Foz"]
[Date "2023.11.11"]
[Round "8"]
[White "Walter, Szymon"]
[Black "Grigoryan, Karen H"]
[Result "0-1"]
[WhiteElo "2328"]
[BlackElo "2646"]
[PlyCount "74"]
[EventDate "2023.11.05"]
[EventType "swiss"]
[EventRounds "9"]
[EventCountry "POR"]
[SourceTitle "CB46_2023"]
[SourceDate "2023.11.15"]
[SourceVersion "1"]
[SourceVersionDate "2023.11.15"]
[SourceQuality "1"]

1. e4 c5 2. Nc3 e6 3. Nf3 Nc6 4. d4 cxd4 5. Nxd4 Qc7 6. Qd3 a6 7. Nxc6 Qxc6 8. Bf4 b5 9. 0-0-0 Bb7 10. Be2 Ne7 11. Bf3 Ng6 12. Bg3 d6 13. Bxd6 0-0-0 14. e5 Nxe5 15. Bxc6 Nxd3+ 16. Rxd3 Bxd6 17. Bxb7+ Kxb7 18. Rhd1 Kc6 19. Ne2 g5 20. c3 Kc7 21. Kc2 h5 22. h3 g4 23. h4 Bc5 24. f3 Rxd3 25. Rxd3 Bf2 26. g3 f5 27. fxg4 hxg4 28. Nf4 Rh6 29. Kd1 e5 30. Nd5+ Kb8 31. Ne7 f4 32. Nf5 Rf6 33. Ke2 Bc5 34. Ng7 f3+ 35. Kf1 e4 36. Rd5 e3 37. Rxc5 Rd6 0-1

[Event "Figueira da Foz op 17th"]
[Site "Figueira da Foz"]
[Date "2023.11.07"]
[Round "4"]
[White "Solodovnichenko, Yuri"]
[Black "Grigoryan, Karen H"]
[Result "1/2-1/2"]
[WhiteElo "2490"]
[BlackElo "2646"]
[PlyCount "25"]
[EventDate "2023.11.05"]
[EventType "swiss"]
[EventRounds "9"]
[EventCountry "POR"]
[SourceTitle "CB46_2023"]
[SourceDate "2023.11.15"]
[SourceVersion "1"]
[SourceVersionDate "2023.11.15"]
[SourceQuality "1"]

1. e4 e5 2. Nf3 Nc6 3. Nc3 Nf6 4. Bb5 Nd4 5. Nxd4 exd4 6. e5 dxc3 7. exf6 Qxf6 8. dxc3 Qe5+ 9. Qe2 Qxe2+ 10. Bxe2 d5 11. Bf4 c6 12. 0-0 Be6 13. Rfe1 1/2-1/2

[Event "ESP-chT CECLUB Div1"]
[Site "Linares"]
[Date "2023.08.21"]
[Round "2.2"]
[White "Svane, Frederik"]
[Black "Grigoryan, Karen H"]
[Result "0-1"]
[WhiteElo "2634"]
[BlackElo "2619"]
[PlyCount "80"]
[EventDate "2023.08.20"]
[EventType "team-tourn"]
[EventRounds "7"]
[EventCountry "ESP"]
[SourceTitle "CBM 215 Extra"]
[Source "ChessBase"]
[SourceDate "2023.09.30"]
[SourceVersion "1"]
[SourceVersionDate "2023.09.30"]
[SourceQuality "1"]
[WhiteTeam "Sestao Hotel Naval"]
[BlackTeam "Benalmadena Medio Ambiente"]
[WhiteTeamCountry "ESP"]
[BlackTeamCountry "ESP"]

1. e4 e5 2. Nf3 Nc6 3. Bc4 Bc5 4. 0-0 Nf6 5. d3 a6 6. c3 Ba7 7. Bg5 h6 8. Bh4 d6 9. Nbd2 Qe7 10. b4 g5 11. Bg3 Bg4 12. h3 Bd7 13. a4 Nh5 14. Bh2 Nf4 15. d4 a5 16. b5 Nd8 17. Re1 Nde6 18. Nf1 0-0-0 19. Ne3 f6 20. Rb1 Bb6 21. Bf1 h5 22. Nd2 g4 23. h4 Be8 24. Nf5 Qh7 25. Nc4 Bg6 26. d5 Nc5 27. Bxf4 exf4 28. Bd3 Rhe8 29. Qc2 g3 30. fxg3 Bxf5 31. exf5 fxg3 32. Re6 Qh6 33. Rbe1 Rg8 34. Nxb6+ cxb6 35. Re7 Qf4 36. R1e3 Qxh4 37. Be4 Rg4 38. Bf3 Rxa4 39. Re1 Rf4 40. Qd1 Rxf5 0-1

[Event "ESP-ch Rapid"]
[Site "Linares"]
[Date "2023.08.19"]
[Round "4"]
[White "Grigoryan, Karen H"]
[Black "Martin Fuentes, Alberto"]
[Result "1/2-1/2"]
[WhiteElo "2619"]
[BlackElo "2388"]
[PlyCount "153"]
[EventDate "2023.08.19"]
[EventType "swiss (rapid)"]
[EventRounds "10"]
[EventCountry "ESP"]
[SourceTitle "CBM 215 Extra"]
[Source "ChessBase"]
[SourceDate "2023.09.30"]
[SourceVersion "1"]
[SourceVersionDate "2023.09.30"]
[SourceQuality "1"]

1. d4 Nf6 2. c4 c5 3. d5 b5 4. cxb5 a6 5. bxa6 Bxa6 6. Nc3 d6 7. e4 Bxf1 8. Kxf1 g6 9. Nf3 Bg7 10. g3 0-0 11. Kg2 Qb6 12. Qc2 Na6 13. a4 Rab8 14. Rd1 Rfe8 15. Qe2 h6 16. Nd2 Nc7 17. Ra3 Qb7 18. Nc4 Qa6 19. b3 Nd7 20. Qc2 h5 21. Bf4 Nb6 22. Qd3 Nxc4 23. bxc4 Bxc3 24. Rxc3 Qxa4 25. e5 dxe5 26. Bxe5 Rb7 27. Qd2 Kh7 28. Re1 f6 29. Bf4 e5 30. Be3 Na6 31. Qc1 Qd7 32. Ra3 Nb4 33. Qc3 Rc8 34. Rea1 Rcc7 35. Ra8 Qf5 36. Rd1 Qe4+ 37. Kg1 Qf3 38. Qd2 h4 39. gxh4 Qg4+ 40. Kf1 Qxc4+ 41. Qe2 Qxe2+ 42. Kxe2 Rd7 43. d6 Nc6 44. Bxc5 Nd4+ 45. Bxd4 exd4 46. Ra6 Kg7 47. Rxd4 Kf7 48. Kf3 Rb3+ 49. Kg4 Rb5 50. Ra2 Rc5 51. Re2 Rc6 52. Red2 Rc5 53. f4 Rb5 54. Rc2 Ke6 55. Re2+ Kf7 56. Kf3 Rb6 57. Red2 Rb5 58. Ke3 Ke6 59. R2d3 Rb6 60. Ke4 Rb5 61. Kf3 Rb6 62. h5 gxh5 63. Ke4 Rb5 64. Rd2 f5+ 65. Kf3 Rb3+ 66. Kg2 Rc3 67. Re2+ Kf6 68. Re5 Rg7+ 69. Kf2 Rc2+ 70. Ke3 Rg1 71. d7 Re1+ 72. Kf3 Rf1+ 73. Ke3 Re1+ 74. Kd3 Rd1+ 75. Ke3 Re1+ 76. Kf3 Rf1+ 77. Ke3 1/2-1/2

[Event "FRA-chT Top 16 Gp Haute"]
[Site "Chartres"]
[Date "2023.06.10"]
[Round "3.4"]
[White "Grigoryan, Karen H"]
[Black "Maghsoodloo, Parham"]
[Result "0-1"]
[WhiteElo "2626"]
[BlackElo "2716"]
[PlyCount "116"]
[EventDate "2023.06.08"]
[EventType "team-tourn"]
[EventRounds "4"]
[EventCountry "FRA"]
[SourceTitle "CBM 214 Extra"]
[Source "ChessBase"]
[SourceDate "2023.07.31"]
[SourceVersion "1"]
[SourceVersionDate "2023.07.31"]
[SourceQuality "1"]
[WhiteTeam "Lyon"]
[BlackTeam "Clichy Echecs 92"]
[WhiteTeamCountry "FRA"]
[BlackTeamCountry "FRA"]

1. d4 Nf6 2. c4 e6 3. Nc3 d5 4. cxd5 exd5 5. Bg5 Bb4 6. e3 h6 7. Qa4+ Nc6 8. Bxf6 Qxf6 9. Bb5 0-0 10. Nge2 Bxc3+ 11. bxc3 Ne7 12. 0-0 Bf5 13. Ng3 Bg6 14. Be2 c5 15. Qb5 Qb6 16. a4 c4 17. Ra2 Qxb5 18. axb5 a5 19. bxa6 Rxa6 20. Rb2 Rb8 21. h4 b5 22. h5 Bh7 23. Bf3 Ra3 24. Rc1 Kf8 25. Ne2 g5 26. hxg6 fxg6 27. Nf4 Bg8 28. Bg4 Rb6 29. Ne2 g5 30. Rcb1 Ra5 31. f4 Bh7 32. Rf1 Kg7 33. fxg5 hxg5 34. Ng3 Bg6 35. Rbf2 Rba6 36. Rb2 Rf6 37. Rc1 Rfa6 38. Kh2 Ng8 39. Rf1 Nf6 40. Bd1 Bd3 41. Re1 Kg6 42. Kg1 Rb6 43. Bf3 Ra3 44. Rc1 Rb3 45. Ra2 b4 46. cxb4 R6xb4 47. Raa1 Rb2 48. Kh2 g4 49. Bd1 Rd2 50. Ba4 Rbb2 51. Rg1 Kg5 52. Bc6 Rb8 53. Rgd1 Rxd1 54. Rxd1 Rb6 55. Ba8 Ne4 56. Nf1 g3+ 57. Nxg3 Rh6+ 58. Kg1 Nxg3 0-1